| 000 | 00600nam a22001937a 4500 | ||
|---|---|---|---|
| 005 | 20240612164609.0 | ||
| 010 | _aENG-140581 | ||
| 020 |
_a9789355328021 _c1240.00 |
||
| 035 | _aEN-124113 | ||
| 037 | _bDBAD | ||
| 082 |
_a610.284 _23 |
||
| 100 |
_aKhanpur, R.S _967442 |
||
| 245 |
_aHandbook of BIomedical Instrumentation/ _cBy R.S Khanpur |
||
| 250 | _a3 | ||
| 260 |
_aChennai _bMc Graw Hill Education _c2024 |
||
| 270 |
_aAnjana Complex NO. 5/90 A, Butt Road, St. Thomas Mount _bChennai _e600116 |
||
| 300 |
_axix,959p. _c24cm(pbk) _bindex |
||
| 942 |
_2ddc _h610.284 _cEN _mKHA _e3 |
||
| 999 |
_c203568 _d203568 |
||